| 000 | 01076nam a22003017i 4500 | ||
|---|---|---|---|
| 003 | EG-GICUC | ||
| 005 | 20260429095633.0 | ||
| 008 | 260429b1955 ua ||||fr|||| 00| 0 ara d | ||
| 040 |
_aEG-GiCUC _beng _cEG-GiCUC _dEG-GiCUC _eRda |
||
| 041 | _aeng | ||
| 082 | 0 | 4 |
_221 _a343.3754 _bع ب . م |
| 092 | 0 | 4 | _221 |
| 099 | _aLaw1 10 343.3754 ع ب . م 1955 | ||
| 100 | 0 |
_aعبدالعزيز محمد _eAuthor. |
|
| 245 | 1 | 0 |
_aمجموعة القواعد القانونية التي قررتها محكمة النقض / _cعبدالعزيز محمد. _nالجزء الاول |
| 264 |
_aالقاهرة: _bمطابع مدكور واولاده, _c1955. |
||
| 300 |
_a1229 page ; _c 24 cm. |
||
| 336 |
_2rda contenu _a texte |
||
| 337 |
_2rda medias _aOrdinateur |
||
| 338 |
_2 transporteur rda _a Ressource en ligne |
||
| 546 | _aالنص باللغة العربية | ||
| 650 | 1 |
_aجنائي _2qrmak |
|
| 650 | 1 |
_aمحكمة النقض _2qrmak |
|
| 651 | 1 | _2qrmak | |
| 856 | 4 | 0 | _uhttps://fll.law.cu.edu.eg/fulltext/bks/B10-10263.pdf |
| 905 | _a72 | ||
| 942 |
_2ddc _cBK _e21 _n0 |
||
| 999 |
_c74052 _d74052 |
||